Welcome to the Holygrace Academy Library

Please use search bar below to get started

555 CROSS-STITCH MOTIFS (Record no. 5899)

MARC details
000 -LEADER
fixed length control field 00325nam a22001337a 4500
020 ## - INTERNATIONAL STANDARD BOOK NUMBER
ISBN 0-8069-3758-0
082 ## - DEWEY DECIMAL CLASSIFICATION NUMBER
Classification number 446.44
Item number KOO/F
100 ## - MAIN ENTRY--AUTHOR NAME
Personal name DONNA, KOOLER
245 ## - TITLE STATEMENT
Title 555 CROSS-STITCH MOTIFS
260 ## - PUBLICATION, DISTRIBUTION, ETC. (IMPRINT)
Place of publication NEW YORK
Name of publisher STERLING PUBLICATIONS
Year of publication 2002
300 ## - PHYSICAL DESCRIPTION
Number of Pages 128
650 ## - SUBJECT ADDED ENTRY--TOPICAL TERM
Topical Term FASHION DESIGNING
Geographic subdivision UNITED STATES
942 ## - ADDED ENTRY ELEMENTS (KOHA)
Koha item type Books
Holdings
Withdrawn status Lost status Collection code Home library Current library Shelving location Date acquired Source of acquisition Full call number Accession Number Koha item type
    Reference Main Library Main Library SHELF 15G- FASHION,COOKING 24/09/2014 purchase 446.44 KOO/F 07383 Books